00350nam a2200121Ia 4500003000900000008004100009040003300050041000800083080001200091245005100103260005500154300001900209LK-CoDNM010623t1986 xxu||||| |||| 00| 1 eng d aLK-CoDNMdLK-CoDNMeLK-CoDNM aeng a32bFAC aFacets Of Development In Independent Sri Lanka bMinistry Of Finance And Planning aSri Lankac1986 b314p.;25 cm cm